| 000 | 03590nam0a22005531 4500 | ||
|---|---|---|---|
| 001 | RU\NLR\A1\26258 | ||
| 005 | 20260408063635.0 | ||
| 035 | _a(NLR Aleph) 009680577 | ||
| 090 |
_a9700195 _c9700195 |
||
| 100 | _a19990903d1793 m y0rusy50 ca | ||
| 101 | 1 |
_arus _cger |
|
| 102 | _aRU | ||
| 135 | _acrcn 024anaba | ||
| 140 | _ay y ma hayaa0100 | ||
| 200 | 1 |
_aПодлинныя письма нещастных людей, или Изображение человеческих бедствий, _eприносимое в жертву любителям человечества, имеющим нежныя сердца. _fПеревел с немецкаго языка на российской К. К. Рембовский |
|
| 210 |
_aМосква _cпечатано в вольной типографии А. Решетникова _d1793 |
||
| 215 |
_a[4], 204 с. _d8° |
||
| 316 |
_aЭкз. РНБ (18.227.3.43) в составном картон. пер., оклееном серо-коричневой мрамор. бумагой, со светло-коричневыми кожаными корешком и уголками. Корешок гладкий, с золотым тиснением. На корешке золотом вытеснен суперэкслибрис И.П.Б. с буквами И.Б. и загл.: "Письма нещастны людей". Внизу корешка бумаж. наклейка с числом: 43. На нижней крышке пер. экслибрис Рус. фонда ГПБ с шифром. Обрез крапчатый, синий. На форзаце ярлык с шифром РНБ. На нахзаце штамп дезинфекции. На тит. л., с.33 круглый штамп ГПБ. Размер: 18,2х11,2х1,9 см. _5NLR: 18.227.3.43 |
||
| 321 | 1 | _aСК XVIII 8580 | |
| 325 | _aКопия доступна в Электрон. б-ке РНБ | ||
| 517 | 1 | _aИзображение человеческих бедствий | |
| 518 | 1 | _aПодлинные письма несчастных людей, или Изображение человеческих бедствий | |
| 620 | _dМосква | ||
| 700 | 1 |
_4070 _8rus _7ca _aЭккартсгаузен _bК. фон _f1752-1803 _gКарл фон _3RU\NLR\AUTH\7790795 _973722 |
|
| 702 | 1 |
_4610 _8rus _7ca _aРешетников _bА. Г. _cиздатель _f18 в.-19 в. _gАндрей Гордеевич _3RU\NLR\AUTH\77104105 _987030 |
|
| 702 | 1 |
_4730 _7ca _8rus _aРембовский _bК. _f18 в. _gКарл _9168151 _3RU\NLR\AUTH\770168199 |
|
| 712 | 0 | 0 |
_4610 _aРешетников, _gА. Г., _hтипография _cМосква _3RU\NLR\AUTH\8810035690 _9569802 |
| 801 | 0 |
_aRU _bNLR _c19990903 |
|
| 852 |
_aNLR _j18.227.3.43 |
||
| 852 |
_aNLR _j138/2643 |
||
| 856 | 0 | _uhttp://vivaldi.nlr.ru/bx000018118/view | |
| 856 | 1 | _uhttp://vivaldi.nlr.ru/bx000018118/cover | |
| 856 | 2 | _uhttp://vivaldi.nlr.ru/bx000018118/text | |
| 899 | _aЗНБ СГУ | ||
| 899 | _aАстОНБ | ||
| 899 | _aРГБ | ||
| 899 | _aБАН | ||
| 899 | _aГПИБ | ||
| 899 | _aГМЗРК | ||
| 942 | _cBOOK | ||
| 980 | _aNB | ||
| 980 | 3 | _akpcivil | |
| 980 | 3 | _akp | |
| 980 | _aA1XVIIIv | ||
| 981 | 2 | 0 |
_a(20) Книжные памятники РНБ _b(20) Русский книжный фонд |